Lehrbuch der theoretischen Physik.
Guardado en:
| Autor Principal: | |
|---|---|
| Formato: | Libro |
| Idioma: | German |
| Publicado: |
Berlin :
Springer,
1961-
|
| Materias: | |
| Etiquetas: |
Agregar Etiqueta
Sin Etiquetas, Sea el primero en etiquetar este registro!
|
| LEADER | 00806nam a22002411a 4500 | ||
|---|---|---|---|
| 001 | MAT.inmabb005480 | ||
| 008 | 850107m19619999wb#a##########000#0#ger## | ||
| 005 | 20170602142602.0 | ||
| 245 | 1 | 0 | |a Lehrbuch der theoretischen Physik. |
| 260 | |a Berlin : |b Springer, |c 1961- | ||
| 300 | |a v. : |b il. ; |c 24 cm. | ||
| 510 | 4 | |a MR, |c 25 #782 |3 (Tomo I) | |
| 510 | 4 | |a MR, |c 25 #783 |3 (Tomo II) | |
| 510 | 4 | |a MR, |c 32 #8697 |3 (Tomo IV) | |
| 100 | 1 | |a Flügge, Siegfried. | |
| 650 | 0 | |a Mathematical physics. | |
| 084 | |a 00A69 |2 MR | ||
| 010 | |a 62001712 | ||
| 040 | |a DLC/ICU |c ICU |d DLC | ||
| 859 | |h 00A69 |i F646 |p A-1555 |v 1 |3 Vol. 1 |b BIB. MATEMATICA | ||
| 859 | |h 00A69 |i F646 |p A-5130 |v 2 |3 Vol. 2 |b BIB. MATEMATICA | ||
| 859 | |h 00A69 |i F646 |p A-1556 |v 3 |3 Vol. 3 |b BIB. MATEMATICA | ||
| 859 | |h 00A69 |i F646 |p A-5131 |v 4 |3 Vol. 4 |b BIB. MATEMATICA | ||
